Přehled úmrtí osob české a slovenské hudební kultury po roce 1965 doplněk k Československému hudebnímu slovníku osob a institucí, Praha I/1963, II/1965

Bibliographic Details
Format: Book
Language:Czech
PhysicalDescription:61 strán 22 cm
Published: Praha Divadelní ústav 1978
Series:Edice informací hudebního odboru Divadelního ústavu
Subjects:

MARC

LEADER 00000cam a2200000 a 4500
001 vtls001306093
003 SK-MaSNL
005 20260425224926.0
008 250313s1978 xr grh 000 0ccze
015 |a SNBA1978 
020 |q (brožované) 
035 |a SNK000258339 
035 |a 78011AF8-8C2A-4947-B87B-3A3F12BF059C 
035 |a urn:nbn:sk:snk-am00ich8 
040 |a SNK  |b slo  |c SNK  |e AACR2 
041 0 |a cze 
043 |a e-xr---  |a e-xo--- 
044 |a xr  |c CZ 
072 7 |a 78  |x Hudba  |2 konspekt 
072 7 |a 78.07  |x Hudobníci, skladatelia a iné hudobné povolania  |2 konspekt 
072 7 |a 929  |x Biografie  |2 konspekt 
080 |a 78  |2 2011 
080 |a 78.071-055.1  |2 2011 
080 |a 78.071.1-055.1  |2 2011 
080 |a 78.071.2  |2 2011 
080 |a (437.3)  |2 2011 
080 |a (437.6)  |2 2011 
080 |a (048.8)  |2 2011 
080 |a 616-036.88  |2 2011 
080 |a 929(092)  |2 2011 
245 0 0 |a Přehled úmrtí osob české a slovenské hudební kultury po roce 1965  |b doplněk k Československému hudebnímu slovníku osob a institucí, Praha I/1963, II/1965 
260 |a Praha  |b Divadelní ústav  |c 1978 
300 |a 61 strán  |c 22 cm 
490 1 |a Edice informací hudebního odboru Divadelního ústavu  |v 2. svazek 
650 0 7 |a hudba  |2 SNKPH  |9 1063 
650 0 7 |a hudobní skladatelia  |2 SNKPH  |9 3188 
650 0 7 |a dirigenti  |2 SNKPH  |9 3192 
650 0 7 |a hudobníci  |2 SNKPH  |9 3189 
650 0 7 |a smrť  |2 SNKPH  |9 2593 
651 7 |a Česko  |2 SNKPHgeo  |9 16753 
651 7 |a Slovensko  |2 SNKPHgeo  |9 14231 
655 7 |a prehľady  |2 SNKPH  |9 70194 
655 7 |a biografie  |2 SNKPH  |9 27965 
830 0 |a Edice informací hudebního odboru Divadelního ústavu  |9 383756 
852 |a Slovenská národná knižnica 
954 |a odborná, vedecká literatúra cudzojazyčná (svetová)  |2 lita 
958 |a RK 
958 |a TL 
958 |a CZ 
958 |a OND 
958 |a BX 
958 |a BC 
999 |c 630102  |d 632032 
952 |a SNK  |b SNK  |y PREZ  |7 0  |p 17A0102796  |o snkSC 18512/1-2/dopl.  |i snkK 1440/81  |8 3  |0 0  |1 0  |4 0  |d 2021-11-24  |f 1  |l 0  |r 2025-07-25 00:00:00  |w 2026-02-23